| 000 | 00586nam a22001931a 4500 | ||
|---|---|---|---|
| 001 | 11661 | ||
| 003 | OSt | ||
| 005 | 20260204212251.0 | ||
| 008 | 130503s2009||||ck ||||||b||||||||||spa|| | ||
| 050 | _a620.4 H431 | ||
| 100 | _aHernandez Hernandez, Jose Eugenio | ||
| 245 | _aIntroduccion a la ingenieria agricola / Jose Eugenio Hernandez Hernandez | ||
| 250 | _a6ta. ed. Ampliado y revisado | ||
| 264 | _aColombia : Universidad Nacional de Colombia | ||
| 300 | _a166 P | ||
| 500 | _aIncluye bibliografia | ||
| 650 | _aIngenieria agricola 2.Medio ambiente I-tilĂ | ||
| 942 |
_2ddc _cBK |
||
| 999 |
_c11661 _d11661 |
||